[Event "e2e4.org.uk Bedford U2000"]
[Site "Park Inn Hotel, Bedford, Engla"]
[Date "2013.09.21"]
[Round "3"]
[White "Brocklehurst, Andrew"]
[Black "Botteley, Michael T"]
[Result "1-0"]
[WhiteElo "1960"]
[BlackElo "1867"]
[PlyCount "94"]
[EventDate "2013.??.??"]

1. e4 b6 2. Nf3 Bb7 3. Nc3 e6 4. a3 c5 5. d4 cxd4 6. Nxd4 Nc6 7. Ndb5 d6 8. Bf4
e5 9. Nd5 Rc8 10. Be3 Nf6 11. Be2 Nxd5 12. exd5 Ne7 13. Nxa7 Nxd5 14. Bb5+ Ke7
15. Nxc8+ Qxc8 16. Qd2 Nxe3 17. Qxe3 Qxc2 18. Rc1 Qe4 19. Qxe4 Bxe4 20. O-O g6
21. Rfe1 Bf5 22. Rc7+ Kf6 23. Rec1 Bh6 24. R1c6 Rd8 25. Bc4 Be6 26. Bxe6 fxe6
27. Rxb6 e4 28. Rxh7 Rc8 29. Kf1 Bf4 30. g3 Be5 31. Rbb7 Bd4 32. Rhc7 Rf8 33.
Kg2 Ke5 34. Rc2 d5 35. a4 e3 36. fxe3 Bxe3 37. b4 d4 38. Rd7 Ke4 39. b5 Ra8 40.
Rc4 Kd3 41. Rc6 Rxa4 42. Rxe6 Ke2 43. b6 Rb4 44. b7 d3 45. Re8 Kd1 46. Rxe3 d2
47. Red3 Kc2 1-0

[Event "e2e4.org.uk Bedford U2000"]
[Site "Park Inn Hotel, Bedford, Engla"]
[Date "2013.09.21"]
[Round "3"]
[White "Lawson, Maurice E"]
[Black "McCabe, Shane"]
[Result "0-1"]
[WhiteElo "1922"]
[BlackElo "1890"]
[PlyCount "108"]
[EventDate "2013.??.??"]

1. e4 c6 2. d4 d5 3. exd5 cxd5 4. Bd3 Nc6 5. c3 Qc7 6. f4 Nf6 7. Nf3 Bg4 8. O-O
e6 9. Qe1 Bxf3 10. Rxf3 Bd6 11. Kh1 Ne7 12. a4 O-O 13. Na3 Bxa3 14. Rxa3 Nf5
15. Rh3 Rfe8 16. Qe2 g6 17. Ra1 Nd6 18. Be3 Nfe4 19. Rg1 f5 20. Rf3 a6 21. Rff1
Rac8 22. Ra1 Qe7 23. Bf2 Rc7 24. Rgc1 Rec8 25. Be1 Qd7 26. Kg1 Qe8 27. Bh4 Qf7
28. Kf1 h6 29. Be1 Kh7 30. Bd2 Qf6 31. g3 Rg7 32. Be3 g5 33. Rc2 Rgc7 34. Rac1
Nc4 35. Kg1 Nxe3 36. Qxe3 gxf4 37. Qxf4 Ng5 38. Kg2 Ne4 39. Rf1 Rf7 40. Re2
Rcf8 41. Bc2 Qg7 42. Re3 Qg6 43. Ref3 Qg7 44. Bxe4 dxe4 45. R3f2 Rd7 46. Kh1
Rg8 47. Qe3 Rd5 48. Rf4 Qg5 49. Qe2 Rd7 50. Qc4 Rg6 51. Qc8 Rdg7 52. Qc5 Qh5
53. Rxe4 Rxg3 54. Qe5 Rg1+ 0-1

[Event "e2e4.org.uk Bedford U2000"]
[Site "Park Inn Hotel, Bedford, Engla"]
[Date "2013.09.21"]
[Round "3"]
[White "Smith, Richard W"]
[Black "Price, Andrew"]
[Result "1-0"]
[WhiteElo "1912"]
[BlackElo "1851"]
[PlyCount "55"]
[EventDate "2013.??.??"]

1. d4 d5 2. Nf3 Nf6 3. c4 dxc4 4. g3 e6 5. Bg2 c5 6. Qa4+ Nbd7 7. O-O cxd4 8.
Nxd4 Be7 9. Rd1 O-O 10. Qxc4 Qb6 11. Nc3 Ne5 12. Qb5 Bc5 13. Na4 Qxb5 14. Nxb5
Be7 15. Nac3 Ng6 16. Be3 a6 17. Nd6 Bxd6 18. Rxd6 Ne5 19. b3 Ned7 20. Rad1 Rb8
21. Bg5 h6 22. Bf4 b5 23. Bc6 e5 24. Be3 Ne8 25. R6d2 Nef6 26. Ba7 b4 27. Nd5
Ne4 28. Ne7+ 1-0

[Event "e2e4.org.uk Bedford U2000"]
[Site "Park Inn Hotel, Bedford, Engla"]
[Date "2013.09.21"]
[Round "3"]
[White "Potter, Karl H"]
[Black "Gardner, James"]
[Result "1-0"]
[WhiteElo "1900"]
[BlackElo "1856"]
[PlyCount "95"]
[EventDate "2013.??.??"]

1. e4 e5 2. Nf3 Nf6 3. Nxe5 d6 4. Nf3 Nxe4 5. d4 d5 6. Bd3 Bd6 7. O-O O-O 8. c4
c6 9. Qc2 Na6 10. a3 Bg4 11. c5 Bc7 12. Ne5 Bxe5 13. dxe5 Nexc5 14. Bxh7+ Kh8
15. b4 Qh4 16. Bd3 Nxd3 17. Qxd3 Qh5 18. Qg3 Nc7 19. Bb2 Rae8 20. f3 Bf5 21.
Nd2 Re6 22. Qf2 b6 23. Kh1 Bd3 24. Rfe1 Rh6 25. g3 c5 26. Nf1 d4 27. f4 Qf5 28.
Bc1 Ba6 29. Nd2 Bb7+ 30. Kg1 Qe6 31. Ne4 Bxe4 32. Rxe4 Qd5 33. Re1 Re6 34. Qg2
Qxg2+ 35. Kxg2 f6 36. bxc5 bxc5 37. Rb1 Nd5 38. Rb5 Rc8 39. Kf3 Nc3 40. Rb7 a6
41. Bd2 Nb5 42. a4 Na3 43. exf6 Rxe1 44. fxg7+ Kg8 45. Bxe1 Re8 46. Bf2 Rc8 47.
g4 Nc4 48. h4 1-0

[Event "e2e4.org.uk Bedford U2000"]
[Site "Park Inn Hotel, Bedford, Engla"]
[Date "2013.09.21"]
[Round "3"]
[White "Nandi, Robin J"]
[Black "Valentine, Brian J"]
[Result "0-1"]
[WhiteElo "1832"]
[BlackElo "1941"]
[PlyCount "100"]
[EventDate "2013.??.??"]

1. e4 e5 2. Nf3 Nc6 3. Bb5 a6 4. Ba4 Nf6 5. O-O b5 6. Bb3 Bc5 7. c3 d6 8. d4
Bb6 9. h3 h6 10. a4 Bb7 11. Re1 O-O 12. Qd3 Re8 13. Nbd2 exd4 14. cxd4 Nb4 15.
Qc3 c5 16. d5 Ba5 17. axb5 axb5 18. Qe3 Nfxd5 19. Bxd5 Bxd5 20. Qc3 Bb7 21. b3
Na2 22. Qc2 Nxc1 23. Raxc1 Bb4 24. Qd3 Qb6 25. Ra1 Qc6 26. Red1 c4 27. bxc4
bxc4 28. Qxc4 Rxa1 29. Rxa1 Qxc4 30. Nxc4 Bxe4 31. Nd4 d5 32. Ne3 Kf8 33. Rd1
Bc5 34. Rd2 Re5 35. Rd1 h5 36. Rd2 f5 37. f4 Re8 38. Kh2 g6 39. Kg3 Kf7 40.
Nec2 Rb8 41. Ne3 Rb4 42. Nec2 Rb2 43. Re2 Bxc2 44. Nxc2 d4 45. Nxd4 Bxd4 46.
Rxb2 Bxb2 47. Kf3 Ke6 48. g4 hxg4+ 49. hxg4 Kd5 50. gxf5 gxf5 0-1

[Event "e2e4.org.uk Bedford U2000"]
[Site "Park Inn Hotel, Bedford, Engla"]
[Date "2013.09.21"]
[Round "3"]
[White "Wilson, Matthew R"]
[Black "Nettleton, Charlie B"]
[Result "0-1"]
[WhiteElo "1800"]
[BlackElo "1885"]
[PlyCount "68"]
[EventDate "2013.??.??"]

1. Nf3 c5 2. g3 Nc6 3. Bg2 e5 4. d3 d6 5. c4 g6 6. Nc3 Bg7 7. O-O Nge7 8. Ne1
O-O 9. Nc2 f5 10. Ne3 Be6 11. Ned5 h6 12. Bd2 Qd7 13. Rb1 g5 14. b4 cxb4 15.
Nxb4 f4 16. Nbd5 Rab8 17. Nxe7+ Nxe7 18. Qb3 Bh3 19. Bxh3 Qxh3 20. c5+ Kh8 21.
cxd6 g4 22. gxf4 exf4 23. Bxf4 Rxf4 24. dxe7 g3 25. hxg3 Rh4 26. gxh4 Be5 27.
f4 Bd4+ 28. e3 Bxe3+ 29. Rf2 Qg3+ 30. Kh1 Bxf2 31. Qe6 Qf3+ 32. Kh2 Bg3+ 33.
Kg1 Qf2+ 34. Kh1 Qh2# 0-1

[Event "e2e4.org.uk Bedford U2000"]
[Site "Park Inn Hotel, Bedford, Engla"]
[Date "2013.09.21"]
[Round "3"]
[White "Radford, Mark SR"]
[Black "Matthews, Adrian M S"]
[Result "0-1"]
[WhiteElo "1752"]
[BlackElo "1879"]
[PlyCount "52"]
[EventDate "2013.??.??"]

1. g3 Nf6 2. f4 d5 3. Nf3 c5 4. Bg2 Nc6 5. O-O Bf5 6. d3 e6 7. c3 Qb6 8. Kh1
Be7 9. Qe1 h5 10. h3 d4 11. c4 h4 12. g4 Bxg4 13. Ng5 Bf5 14. Na3 Nh5 15. Kg1
Ng3 16. Rf2 Bxg5 17. fxg5 e5 18. Rb1 Nb4 19. Bd2 O-O-O 20. Bxb4 Qxb4 21. Qd1
Rh5 22. Nc2 Qa4 23. b4 e4 24. dxe4 Bxe4 25. Bxe4 Nxe4 26. Rf3 Nc3 0-1

[Event "e2e4.org.uk Bedford U2000"]
[Site "Park Inn Hotel, Bedford, Engla"]
[Date "2013.09.21"]
[Round "3"]
[White "Ball, Anthony J"]
[Black "Keen, Cosima C"]
[Result "1-0"]
[WhiteElo "1872"]
[BlackElo "1744"]
[PlyCount "71"]
[EventDate "2013.??.??"]

1. d4 d5 2. c4 e6 3. Nc3 Nf6 4. Bg5 Be7 5. Nf3 O-O 6. e3 a6 7. c5 Nbd7 8. h3 c6
9. Bd3 h6 10. Bf4 Nh7 11. Qc2 Ng5 12. Ke2 f6 13. h4 Nf7 14. Bg6 e5 15. Bg3 exd4
16. exd4 Re8 17. Kd2 Nf8 18. Bf5 Bxf5 19. Qxf5 b6 20. b4 bxc5 21. bxc5 Qa5 22.
Rhe1 Nd8 23. Re3 Ra7 24. Rb1 Rb7 25. Rxb7 Nxb7 26. Qb1 Nd8 27. Bd6 Nde6 28.
Bxe7 Rxe7 29. a4 Nd7 30. Qb7 Qd8 31. Qxc6 Ndxc5 32. dxc5 d4 33. Rxe6 dxc3+ 34.
Kxc3 Qa5+ 35. Kd3 Qd8+ 36. Nd4 1-0

[Event "e2e4.org.uk Bedford U2000"]
[Site "Park Inn Hotel, Bedford, Engla"]
[Date "2013.09.21"]
[Round "3"]
[White "Torrance, John"]
[Black "Burrows, Nick"]
[Result "1/2-1/2"]
[WhiteElo "1666"]
[BlackElo "1849"]
[PlyCount "117"]
[EventDate "2013.??.??"]

1. d4 d5 2. Nc3 c6 3. Nf3 Nf6 4. Bg5 Bf5 5. e3 Nbd7 6. Bd3 Bxd3 7. Qxd3 Qc7 8.
Bf4 Qa5 9. O-O e6 10. h3 Be7 11. Ne5 O-O 12. Bh2 Nxe5 13. Bxe5 Nd7 14. Bh2 f5
15. Ne2 Rae8 16. c4 Bd8 17. a3 Qa6 18. b3 b6 19. Qc3 Nf6 20. f3 Rf7 21. Nf4 Bc7
22. Nd3 Bxh2+ 23. Kxh2 Qc8 24. Ne5 Rc7 25. c5 Nd7 26. Nxd7 Qxd7 27. Kg1 b5 28.
f4 Rb7 29. b4 Reb8 30. Rfb1 Qc7 31. Ra2 a5 32. Rba1 Ra8 33. Qb2 Rba7 34. Kf2
Ra6 35. a4 axb4 36. Qxb4 Qa7 37. a5 Qe7 38. Kf3 Kf7 39. g3 g5 40. Rg1 Rg8 41.
Kf2 Qf6 42. Kf1 Qh6 43. Rh1 gxf4 44. gxf4 Rg3 45. Qd2 Rxh3 46. Rxh3 Qxh3+ 47.
Ke1 Qh1+ 48. Ke2 Qg2+ 49. Kd3 Qxd2+ 50. Kxd2 h5 51. Kc3 Kg6 52. Rg2+ Kh6 53.
Kb4 h4 54. Rg8 Kh5 55. Rg5+ Kh6 56. Rg8 Ra7 57. Rh8+ Kg6 58. Rxh4 Ra6 59. Rh8
1/2-1/2

[Event "e2e4.org.uk Bedford U2000"]
[Site "Park Inn Hotel, Bedford, Engla"]
[Date "2013.09.21"]
[Round "3"]
[White "Valerio, Giuseppe"]
[Black "Homer, Neil S"]
[Result "1-0"]
[WhiteElo "1848"]
[BlackElo "1616"]
[PlyCount "127"]
[EventDate "2013.??.??"]

1. e4 c6 2. d3 d5 3. Nd2 Nf6 4. Ngf3 Bg4 5. h3 Bxf3 6. Qxf3 e5 7. Nb3 h6 8. Bd2
Bd6 9. Be2 Nbd7 10. O-O Qe7 11. Rfe1 O-O-O 12. a4 dxe4 13. dxe4 g5 14. Qf5 Qe6
15. Qxe6 fxe6 16. Bc4 Rde8 17. f3 Nh5 18. Be3 a6 19. Rad1 Bc7 20. a5 Rh7 21.
Rd2 Rf7 22. Red1 Nf8 23. Bc5 Nd7 24. Bb4 Nhf6 25. Bd6 h5 26. Bxc7 Kxc7 27. Rd6
Rfe7 28. Kf2 Nd5 29. Rxd7+ Rxd7 30. exd5 exd5 31. Be2 Rde7 32. Nc5 Rf8 33. Ke1
Rf6 34. c3 Rd6 35. Kf2 Rf7 36. Kg1 Re7 37. Kh2 Rf6 38. c4 d4 39. Ne4 Rg6 40. c5
h4 41. Rd3 Rg8 42. Rb3 Reg7 43. Bd3 Rd8 44. Kg1 Rf8 45. Bc4 Rd8 46. Nd6 Rxd6
47. cxd6+ Kxd6 48. Bd3 Kc5 49. Kf2 Kd6 50. Ke2 Rc7 51. Be4 Re7 52. Kd3 Kc5 53.
Bf5 Rc7 54. Ke4 Kc4 55. Be6+ Kc5 56. Kxe5 Re7 57. Rd3 Re8 58. Kf6 Kb5 59. Rxd4
Kxa5 60. Rg4 Rd8 61. Rxg5+ Kb6 62. Ke7 Rd2 63. f4 Rxb2 64. f5 1-0

[Event "e2e4.org.uk Bedford U2000"]
[Site "Park Inn Hotel, Bedford, Engla"]
[Date "2013.09.21"]
[Round "3"]
[White "Hjort, Helge"]
[Black "Pal, Tapan"]
[Result "1-0"]
[WhiteElo "1991"]
[BlackElo "1576"]
[PlyCount "39"]
[EventDate "2013.??.??"]

1. e4 e5 2. Nf3 Nf6 3. Nc3 Nc6 4. d4 exd4 5. Nxd4 d6 6. Bc4 g6 7. Bg5 h6 8. Bh4
g5 9. Bg3 Ne5 10. Bb3 c6 11. h4 Bg7 12. hxg5 hxg5 13. Rxh8+ Bxh8 14. Bxe5 dxe5
15. Nf3 Qxd1+ 16. Rxd1 Nh7 17. Ke2 Bg4 18. Rh1 O-O-O 19. Rxh7 f5 20. Be6+ 1-0

[Event "e2e4.org.uk Bedford U2000"]
[Site "Park Inn Hotel, Bedford, Engla"]
[Date "2013.09.21"]
[Round "3"]
[White "Shaw, Meyrick"]
[Black "Smith, Peter K"]
[Result "1/2-1/2"]
[WhiteElo "1906"]
[BlackElo "1725"]
[PlyCount "28"]
[EventDate "2013.??.??"]

1. e4 e6 2. d4 d5 3. Nd2 dxe4 4. Nxe4 Bd7 5. Nf3 Bc6 6. Bd3 Nd7 7. O-O Ngf6 8.
Ng3 Bd6 9. c4 O-O 10. Qc2 Bxf3 11. gxf3 c5 12. Ne4 Nxe4 13. fxe4 Bxh2+ 14. Kxh2
Qh4+ 1/2-1/2

[Event "e2e4.org.uk Bedford U2000"]
[Site "Park Inn Hotel, Bedford, Engla"]
[Date "2013.09.21"]
[Round "3"]
[White "Sloan, Cecil"]
[Black "Connolly, Marcus PA"]
[Result "1/2-1/2"]
[WhiteElo "1690"]
[BlackElo "1800"]
[PlyCount "50"]
[EventDate "2013.??.??"]

1. e4 c5 2. Nc3 Nc6 3. f4 d6 4. Nf3 g6 5. Bb5 Bg7 6. O-O e6 7. d3 Nge7 8. Qe1
O-O 9. Bxc6 Nxc6 10. Qf2 Qa5 11. Bd2 Nd4 12. Nd1 Nxf3+ 13. gxf3 Qd8 14. Bc3 f5
15. Bxg7 Kxg7 16. e5 b6 17. d4 cxd4 18. Qxd4 d5 19. Qf2 Ba6 20. Re1 Rc8 21. c3
Qe7 22. Ne3 Qc5 23. Nc2 Qxf2+ 24. Kxf2 Kf7 25. Nd4 Rc5 1/2-1/2

[Event "e2e4.org.uk Bedford U2000"]
[Site "Park Inn Hotel, Bedford, Engla"]
[Date "2013.09.21"]
[Round "3"]
[White "Mitchell, Robert"]
[Black "Somton, Anita"]
[Result "1/2-1/2"]
[WhiteElo "1781"]
[BlackElo "1472"]
[PlyCount "62"]
[EventDate "2013.??.??"]

1. e4 c5 2. Nf3 g6 3. Bb5 Bg7 4. O-O a6 5. Be2 Nc6 6. d3 e6 7. c3 Nge7 8. Bf4
d5 9. e5 O-O 10. Re1 d4 11. c4 b5 12. Nbd2 Qc7 13. Bf1 Nf5 14. g4 Nfe7 15. Bg2
Bb7 16. Bg3 Rad8 17. Qe2 Nb4 18. Rec1 Qb6 19. a3 Nbc6 20. Ne4 Na5 21. Nfd2 Kh8
22. cxb5 Bxe4 23. Bxe4 Qxb5 24. Rab1 Rc8 25. Nc4 Nxc4 26. Rxc4 Nc6 27. Bxc6
Qxc6 28. Rbc1 Qd5 29. f4 Rc7 30. Qg2 Rd8 31. b4 Bf8 1/2-1/2

[Event "e2e4.org.uk Bedford U2000"]
[Site "Park Inn Hotel, Bedford, Engla"]
[Date "2013.09.21"]
[Round "3"]
[White "Cavendish, Joshua Z"]
[Black "Rawcliffe, Peter"]
[Result "1-0"]
[WhiteElo "1683"]
[BlackElo "1776"]
[PlyCount "69"]
[EventDate "2013.??.??"]

1. e4 c5 2. Nc3 Nc6 3. Bc4 e6 4. f4 d6 5. Nf3 Be7 6. O-O a6 7. d3 b5 8. Bb3 Bb7
9. Qe1 Na5 10. Qg3 Nxb3 11. axb3 Nf6 12. e5 Nh5 13. Qf2 g6 14. Ne4 Qc7 15. Be3
Bxe4 16. dxe4 O-O 17. exd6 Bxd6 18. f5 exf5 19. exf5 Nf6 20. Qh4 Rfe8 21. Bh6
Nh5 22. Ng5 Re7 23. g4 Re2 24. Rf2 Ng3 25. fxg6 Rxf2 26. gxh7+ Kh8 27. Kxf2 Re8
28. hxg3 Qe7 29. Kg2 Qe2+ 30. Kh3 Be7 31. Qh5 Qxc2 32. Bg7+ Kxg7 33. Qxf7+ Kh6
34. Rxa6+ Kxg5 35. Qf4# 1-0

[Event "e2e4.org.uk Bedford U2000"]
[Site "Park Inn Hotel, Bedford, Engla"]
[Date "2013.09.21"]
[Round "3"]
[White "Holton, Jake"]
[Black "Levy, Christopher A"]
[Result "0-1"]
[WhiteElo "1404"]
[BlackElo "1768"]
[PlyCount "90"]
[EventDate "2013.??.??"]

1. d4 f5 2. c4 Nf6 3. g3 e6 4. Bg2 d5 5. Nf3 c6 6. O-O Bd6 7. b3 Qe7 8. Bb2 O-O
9. Nbd2 Nbd7 10. e3 Ne4 11. Ne1 Qg5 12. Nc2 Rf6 13. f3 Nxd2 14. Qxd2 Rh6 15. f4
Qe7 16. c5 Bc7 17. Nb4 Nf6 18. Bf3 Bd7 19. a4 Be8 20. a5 a6 21. Nd3 Bh5 22.
Bxh5 Rxh5 23. Nf2 Rh6 24. b4 Nd7 25. Ba3 g5 26. Rfb1 Qg7 27. Bc1 Rg6 28. Kh1
Nf6 29. Rb3 Nh5 30. Nh3 g4 31. Nf2 Nf6 32. Rc3 h5 33. b5 axb5 34. Rca3 Ra6 35.
Nd3 h4 36. Nb4 hxg3 37. hxg3 Ne4 38. Qg2 Rh6+ 39. Kg1 Rh3 40. Nxa6 bxa6 41. Kf1
Qh6 42. Qb2 Rh1+ 43. Ke2 Rh2+ 44. Kd1 Rxb2 45. Bxb2 Qh2 0-1

[Event "e2e4.org.uk Bedford U2000"]
[Site "Park Inn Hotel, Bedford, Engla"]
[Date "2013.09.21"]
[Round "3"]
[White "Watson, Darrell A"]
[Black "Kennedy, Craig"]
[Result "1-0"]
[WhiteElo "1725"]
[BlackElo "1922"]
[PlyCount "99"]
[EventDate "2013.??.??"]

1. e4 e6 2. f4 d5 3. e5 c5 4. Nf3 Nc6 5. Bb5 Qb6 6. Bxc6+ bxc6 7. O-O Ba6 8.
Re1 Nh6 9. Kh1 Ng4 10. Rf1 Bxf1 11. Qxf1 c4 12. h3 Nh6 13. Nc3 Nf5 14. Kh2 h5
15. Na4 Qc7 16. d4 c5 17. dxc5 Bxc5 18. Nxc5 Qxc5 19. c3 a5 20. Qe1 a4 21. a3
Ke7 22. Nh4 Nxh4 23. Qxh4+ Kd7 24. Qe1 Rab8 25. Be3 Qc6 26. Qf2 Rb5 27. Re1 Qb7
28. Re2 g6 29. Bc5 Kc6 30. Bb4 Qb6 31. Qf3 Qd8 32. Qe3 Qd7 33. Rd2 Rhb8 34. Rd4
Kb7 35. Qd2 Qd8 36. Qc2 Ra8 37. Qf2 f6 38. Qf3 fxe5 39. fxe5 Ka6 40. Qd1 Kb6
41. Qg1 Kc6 42. Qe3 Qh8 43. Qg5 Qg7 44. Rf4 Kd7 45. Rf6 Rg8 46. Qe3 Rgb8 47.
Qf2 Qg8 48. Rf7+ Kc6 49. Qf6 Qe8 50. Re7 1-0

[Event "e2e4.org.uk Bedford U2000"]
[Site "Park Inn Hotel, Bedford, Engla"]
[Date "2013.09.21"]
[Round "3"]
[White "Ross, Stuart"]
[Black "Van Der Westhuizen, Charle"]
[Result "0-1"]
[WhiteElo "1648"]
[BlackElo "1897"]
[PlyCount "104"]
[EventDate "2013.??.??"]

1. e4 d6 2. d4 g6 3. Nc3 Bg7 4. f4 c6 5. Nf3 Bg4 6. Be3 Nf6 7. a4 d5 8. h3 Bxf3
9. gxf3 e6 10. Qd2 Nh5 11. O-O-O f5 12. exf5 exf5 13. Rg1 O-O 14. Ne2 Nd7 15.
Ng3 Ndf6 16. Ne2 Re8 17. Kb1 Qc7 18. Nc1 Nd7 19. Bf2 Qxf4 20. Qxf4 Nxf4 21. Nd3
Ne2 22. Bxe2 Rxe2 23. Rge1 Rae8 24. c3 Rxe1 25. Rxe1 Rxe1+ 26. Nxe1 Kf7 27. h4
Bh6 28. Ng2 f4 29. Kc2 Ke6 30. Kd3 Kf5 31. a5 b6 32. axb6 axb6 33. c4 Nf6 34.
b3 Bf8 35. Be1 h6 36. Bd2 g5 37. hxg5 hxg5 38. Be1 Bd6 39. Ke2 Ke6 40. Bd2 Kf5
41. Be1 Nd7 42. Kd3 Ke6 43. Bd2 c5 44. cxd5+ Kxd5 45. dxc5 Bxc5 46. Bc3 Ne5+
47. Ke2 Nc6 48. Bf6 Be7 49. Bc3 Nd4+ 50. Bxd4 Kxd4 51. Kd2 Bb4+ 52. Kc2 b5 0-1

[Event "e2e4.org.uk Bedford U2000"]
[Site "Park Inn Hotel, Bedford, Engla"]
[Date "2013.09.21"]
[Round "3"]
[White "Waters, Andrew C"]
[Black "Jackson, Paul G"]
[Result "1-0"]
[WhiteElo "1822"]
[BlackElo "1877"]
[PlyCount "43"]
[EventDate "2013.??.??"]

1. e4 e6 2. d4 d5 3. exd5 exd5 4. Nf3 Nc6 5. Bd3 Bd6 6. O-O Bg4 7. c3 Nge7 8.
h3 Bh5 9. Nbd2 f6 10. Re1 Bg6 11. Bxg6+ hxg6 12. Qc2 Kf7 13. c4 g5 14. cxd5
Nxd5 15. Qf5 Bf4 16. Ne4 Kg8 17. Nc5 Qc8 18. Qxd5+ Kh7 19. Bxf4 gxf4 20. Nd7
Qd8 21. Re4 Rb8 22. Qh5+ 1-0

[Event "e2e4.org.uk Bedford U2000"]
[Site "Park Inn Hotel, Bedford, Engla"]
[Date "2013.09.21"]
[Round "3"]
[White "Lavelle, Terry"]
[Black "Boztas, Lana"]
[Result "1-0"]
[WhiteElo "1583"]
[BlackElo "107"]
[PlyCount "149"]
[EventDate "2013.??.??"]

1. e4 c5 2. Nc3 Nc6 3. g3 d6 4. Bg2 g6 5. d3 Bg7 6. Nge2 Nf6 7. O-O Bg4 8. f3
Be6 9. Nf4 Bd7 10. Be3 e6 11. Qd2 O-O 12. Nfe2 Re8 13. Bh6 Bh8 14. Bf4 e5 15.
Bg5 Be6 16. Nd5 Bxd5 17. exd5 Ne7 18. c4 h5 19. Bh3 Qc7 20. g4 hxg4 21. fxg4
Nh7 22. Bh6 Nc8 23. Nc3 Qe7 24. Ne4 Qh4 25. Rf3 Bg7 26. Be3 Nb6 27. Raf1 Re7
28. Nxd6 f6 29. Ne4 Nd7 30. Bf2 Qh6 31. Qxh6 Bxh6 32. Nxc5 Ng5 33. Rg3 Nxh3+
34. Rxh3 Bf4 35. Nxd7 Rxd7 36. Be1 Re8 37. Bc3 Ree7 38. b4 Rh7 39. Rff3 Rxh3
40. Rxh3 a6 41. Rf3 Rh7 42. h3 Kf7 43. Kg2 Ke7 44. c5 Kd7 45. d4 Re7 46. d6 Re6
47. d5 Re8 48. a4 Bg5 49. Kf2 e4 50. Rxf6 e3+ 51. Ke2 Bxf6 52. Bxf6 Re4 53. Bc3
Re8 54. a5 Re4 55. Be1 g5 56. Kd3 Re8 57. Ke2 Re4 58. Bc3 Rf4 59. Kxe3 Rf1 60.
Ke4 Rh1 61. Kf5 Rxh3 62. Bd4 Rf3+ 63. Kxg5 Rd3 64. c6+ bxc6 65. dxc6+ Kxc6 66.
Bc5 Rf3 67. Kg6 Rf8 68. g5 Rc8 69. Kf6 Kd7 70. g6 Rf8+ 71. Kg7 Rf1 72. Kg8 Ke8
73. g7 Rh1 74. b5 axb5 75. a6 1-0

[Event "e2e4.org.uk Bedford U2000"]
[Site "Park Inn Hotel, Bedford, Engla"]
[Date "2013.09.22"]
[Round "4"]
[White "Ai, Farshad"]
[Black "Touchefeu, Aurelien"]
[Result "1/2-1/2"]
[WhiteElo "1908"]
[BlackElo "1940"]
[PlyCount "105"]
[EventDate "2013.??.??"]

1. c4 f5 2. g3 Nf6 3. Bg2 g6 4. Nf3 Bg7 5. O-O O-O 6. Nc3 d6 7. d4 Nc6 8. Qc2
h6 9. Rd1 a6 10. a3 Qe8 11. e4 fxe4 12. Nxe4 Nxe4 13. Qxe4 Bf5 14. Qe3 Bg4 15.
h3 Bxf3 16. Bxf3 Kh7 17. Be4 e5 18. d5 Nd4 19. Rf1 Rf6 20. Kg2 Qa4 21. Qd3 Qb3
22. Qxb3 Nxb3 23. Rb1 Nxc1 24. Rbxc1 b6 25. b4 Bf8 26. Rc3 a5 27. b5 h5 28. Rf3
Rxf3 29. Kxf3 Bh6 30. a4 Rf8+ 31. Kg2 Kg7 32. f3 h4 33. g4 Bf4 34. Rd1 Kf6 35.
Rd3 Kg5 36. Rb3 Bc1 37. Rc3 Bb2 38. Rb3 Bd4 39. Rd3 Rf4 40. Kf1 Rf6 41. Kg2 Bb2
42. Rb3 Bc1 43. Rc3 Bf4 44. Rb3 Bg3 45. Re3 Rf4 46. Re2 Rf8 47. Re3 Rf6 48. Rb3
Be1 49. Re3 Bd2 50. Re2 Bc3 51. Re3 Bd4 52. Rd3 Rf4 53. Kf1 1/2-1/2

[Event "e2e4.org.uk Bedford U2000"]
[Site "Park Inn Hotel, Bedford, Engla"]
[Date "2013.09.22"]
[Round "4"]
[White "Smith, Richard W"]
[Black "Brocklehurst, Andrew"]
[Result "1-0"]
[WhiteElo "1912"]
[BlackElo "1960"]
[PlyCount "161"]
[EventDate "2013.??.??"]

1. d4 Nf6 2. Nf3 g6 3. c4 Bg7 4. Nc3 d5 5. Qb3 dxc4 6. Qxc4 O-O 7. Bf4 c6 8. e4
Be6 9. Qd3 b5 10. Nd2 Nbd7 11. Be2 Nb6 12. O-O a5 13. Bf3 Qd7 14. Rfd1 Rfd8 15.
Ne2 a4 16. Be3 Bc4 17. Qc2 Bxe2 18. Bxe2 Rac8 19. h3 h5 20. Bf3 Kh7 21. Qc5 Na8
22. Rac1 e6 23. e5 Nd5 24. Bg5 Bf8 25. Qc2 Be7 26. Bxe7 Qxe7 27. Ne4 Nab6 28.
Nd6 Rc7 29. Bxh5 Nb4 30. Qb1 Nxa2 31. Bxg6+ fxg6 32. Qxa2 Nd5 33. Qa3 Rf8 34.
Qg3 Nf4 35. Rd2 b4 36. Ne4 Nh5 37. Qg5 Qg7 38. g4 Nf4 39. Nf6+ Rxf6 40. exf6
Nxh3+ 41. Kg2 Nxg5 42. fxg7 Kxg7 43. Rdc2 Rd7 44. Rc4 a3 45. bxa3 bxa3 46. Ra1
Ra7 47. Rxc6 Ra4 48. f4 Rxd4 49. fxg5 Rxg4+ 50. Kf2 Rxg5 51. Rxe6 Rf5+ 52. Ke3
Rh5 53. Rg1 Rh6 54. Ra6 Rh3+ 55. Kf2 Rh6 56. Rxa3 Kf6 57. Ra6+ Kg7 58. Kf3 Rh3+
59. Rg3 Rh6 60. Kg4 Rh5 61. Ra7+ Kf6 62. Rf3+ Ke6 63. Rg7 Rh1 64. Rxg6+ Ke5 65.
Rg3 Rf1 66. Rg5+ Ke4 67. Ra3 Rg1+ 68. Kh5 Rh1+ 69. Kg6 Rh8 70. Ra4+ Kf3 71. Rb5
Ke3 72. Rb3+ Kd2 73. Ra2+ Kc1 74. Rf3 Kb1 75. Re2 Rg8+ 76. Kf7 Rg1 77. Ke6 Rg6+
78. Kd5 Rg5+ 79. Kc4 Rg1 80. Ref2 Rc1+ 81. Kb3 1-0

[Event "e2e4.org.uk Bedford U2000"]
[Site "Park Inn Hotel, Bedford, Engla"]
[Date "2013.09.22"]
[Round "4"]
[White "Openshaw, David K"]
[Black "McCabe, Shane"]
[Result "0-1"]
[WhiteElo "1918"]
[BlackElo "1890"]
[PlyCount "112"]
[EventDate "2013.??.??"]

1. c4 Nf6 2. Nf3 b6 3. g3 Bb7 4. Bg2 e6 5. O-O Be7 6. Nc3 c5 7. d4 O-O 8. e3 d5
9. cxd5 Nxd5 10. Nxd5 Bxd5 11. Bd2 cxd4 12. Nxd4 Bxg2 13. Kxg2 Qd5+ 14. Qf3
Qxf3+ 15. Kxf3 Nd7 16. Rac1 Bf6 17. Rc7 Bxd4 18. exd4 Nf6 19. Rfc1 Nd5 20. Rd7
Rfd8 21. Rxd8+ Rxd8 22. Ke4 Kf8 23. Rc4 Ke7 24. b3 Kd7 25. Ke5 f6+ 26. Ke4 Rc8
27. h4 h5 28. Kd3 Rc7 29. a4 f5 30. Bf4 Rc8 31. Be5 g6 32. Bf4 a6 33. Bc1 b5
34. axb5 axb5 35. Rc5 Nb4+ 36. Kc3 Na2+ 37. Kd2 Rxc5 38. dxc5 Nxc1 39. Kxc1 b4
40. f4 Kc6 41. Kd2 Kxc5 42. Ke3 Kd5 43. Kd3 e5 44. fxe5 Kxe5 45. Ke3 Kd5 46.
Kd3 Kc5 47. Ke3 Kd5 48. Kd3 Ke5 49. Ke3 Ke6 50. Ke2 Kf6 51. Kd3 g5 52. Ke3 f4+
53. gxf4 gxh4 54. Kf3 Kf5 55. Ke3 h3 56. Kf3 h4 0-1

[Event "e2e4.org.uk Bedford U2000"]
[Site "Park Inn Hotel, Bedford, Engla"]
[Date "2013.09.22"]
[Round "4"]
[White "Wood, Peter R"]
[Black "Sagues, Vincent"]
[Result "1/2-1/2"]
[WhiteElo "1982"]
[BlackElo "1893"]
[PlyCount "62"]
[EventDate "2013.??.??"]

1. e4 e6 2. d4 d5 3. e5 c5 4. c3 Nc6 5. Nf3 Qb6 6. a3 cxd4 7. cxd4 Nh6 8. b4
Nf5 9. Bb2 Bd7 10. g4 Nfe7 11. Nc3 Rc8 12. Na4 Qd8 13. Nc5 Rc7 14. h4 b6 15.
Nxd7 Qxd7 16. Bb5 h6 17. Rc1 Qc8 18. Qa4 Kd8 19. O-O Nb8 20. Rxc7 Qxc7 21. Rc1
Qb7 22. Kg2 a6 23. Bd3 b5 24. Qc2 Nec6 25. Qe2 Be7 26. Kg3 Kd7 27. Nd2 Rc8 28.
Nb3 Ke8 29. Nc5 Bxc5 30. bxc5 Na5 31. Qc2 Qe7 1/2-1/2

[Event "e2e4.org.uk Bedford U2000"]
[Site "Park Inn Hotel, Bedford, Engla"]
[Date "2013.09.22"]
[Round "4"]
[White "McMahon, Paul"]
[Black "Matthews, Adrian M S"]
[Result "1/2-1/2"]
[WhiteElo "1981"]
[BlackElo "1879"]
[PlyCount "113"]
[EventDate "2013.??.??"]

1. Nc3 d5 2. e4 d4 3. Nce2 c5 4. Ng3 Nc6 5. Bc4 e5 6. d3 Be7 7. Nf3 Nf6 8. O-O
O-O 9. a4 Qc7 10. c3 Na5 11. Ba2 dxc3 12. bxc3 c4 13. dxc4 Be6 14. Ng5 Bxc4 15.
Bxc4 Nxc4 16. Qe2 Rac8 17. Nf5 Nd6 18. Nxd6 Bxd6 19. Ba3 Bxa3 20. Rxa3 Qc4 21.
Re1 Rfd8 22. h3 Qxe2 23. Rxe2 Rc4 24. Nf3 Rxe4 25. Rxe4 Nxe4 26. Rb3 Nc5 27.
Rb5 Nxa4 28. Rxb7 Nxc3 29. Rxa7 f6 30. g3 Ne2+ 31. Kf1 Nd4 32. Ne1 e4 33. Re7
f5 34. g4 Kf8 35. Re5 g6 36. gxf5 gxf5 37. Ng2 Kf7 38. Nf4 Rc8 39. Kg2 Rg8+ 40.
Kf1 Rg1+ 41. Kxg1 Nf3+ 42. Kg2 Nxe5 43. Kg3 Ng6 44. Nh5 Ke6 45. Ng7+ Ke5 46.
Nh5 f4+ 47. Kg4 e3 48. fxe3 fxe3 49. Kf3 Kd4 50. Ke2 h6 51. Ng3 Nf4+ 52. Kf3
Nxh3 53. Nf5+ Kd3 54. Nxe3 Ng5+ 55. Kf4 Ne6+ 56. Kf3 h5 57. Nf5 1/2-1/2